[Event "?"]
[Site "?"]
[Date "2017.11.05"]
[Round "1.1"]
[White "Homi, Joseph"]
[Black "Epishin, Vladimir"]
[Result "0-1"]
[WhiteElo "1850"]
[BlackElo "2519"]
[PlyCount "118"]
[EventDate "2017.??.??"]
[WhiteTeam "SGem Fürth"]
[BlackTeam "SV Lingen"]

1. e4 g6 2. d4 Bg7 3. Nc3 a6 4. f4 b5 5. a3 Bb7 6. Nf3 e6 7. Bd3 f5 8. O-O Ne7
9. Qe2 O-O 10. Re1 Qc8 11. b4 Nbc6 12. e5 Nd8 13. Bb2 Nd5 14. Nxd5 Bxd5 15. c4
bxc4 16. Bxc4 c6 17. Nd2 Nf7 18. Rac1 Re8 19. Nb3 Bf8 20. Na5 Bxc4 21. Rxc4 Qb8
22. Rec1 Qb5 23. Qf3 Qd5 24. Qe3 Be7 25. Nb3 g5 26. R1c2 Kh8 27. Nd2 Rg8 28.
Qf3 gxf4 29. Qxd5 exd5 30. R4c3 Ng5 31. Nf3 Ne6 32. Rb3 Rgb8 33. Bc3 a5 34. Rb1
axb4 35. axb4 Ra3 36. Be1 Kg7 37. Kf1 Kf7 38. b5 Nc7 39. b6 Ne6 40. Bb4 Rxb6
41. Rcb2 Ra4 42. Bxe7 Rxb2 43. Rxb2 Kxe7 44. Rd2 Kd8 45. Ke2 Kc7 46. Kd3 Ra3+
47. Kc2 h6 48. Kb2 Ra4 49. Kc3 Ng5 50. Kb3 Nxf3 51. gxf3 Ra1 52. Rf2 h5 53. Kc3
h4 54. Kd3 Ra3+ 55. Ke2 h3 56. Ke1 Ra1+ 57. Kd2 Kb6 58. Kc3 Ra3+ 59. Kb4 Rd3
0-1

[Event "?"]
[Site "?"]
[Date "2017.11.05"]
[Round "1.2"]
[White "Teske, Henrik"]
[Black "Brückner, Alexander"]
[Result "1-0"]
[WhiteElo "2471"]
[BlackElo "1838"]
[PlyCount "53"]
[EventDate "2017.??.??"]
[WhiteTeam "SV Empor Erfurt"]
[BlackTeam "SF Augsburg"]

1. d4 d5 2. c4 e6 3. Nf3 Nf6 4. g3 Be7 5. Bg2 O-O 6. O-O b6 7. cxd5 exd5 8. Nc3
Bb7 9. Ne5 Nbd7 10. Qa4 a6 11. Nxd7 Nxd7 12. Nxd5 Ra7 13. Bf4 Bxd5 14. Bxd5 Nf6
15. Bc6 Nd5 16. Be5 f6 17. Qb3 fxe5 18. dxe5 Kh8 19. Rad1 Bc5 20. Qxd5 Qe7 21.
Kg2 a5 22. a4 h6 23. f4 Bb4 24. Qe4 Qe6 25. Rd7 Qb3 26. Qg6 Rg8 27. Be4 1-0

[Event "?"]
[Site "?"]
[Date "2017.11.05"]
[Round "1.3"]
[White "Braun, Kristin"]
[Black "Gegenfurtner, Jürgen"]
[Result "0-1"]
[WhiteElo "1832"]
[BlackElo "2293"]
[PlyCount "94"]
[EventDate "2017.??.??"]
[WhiteTeam "SC Forchheim"]
[BlackTeam "SV Seubelsdorf"]

1. e4 e5 2. Nf3 Nc6 3. Bc4 Bc5 4. d3 Nf6 5. c3 d6 6. Bb3 a6 7. Nbd2 Ba7 8. Nf1
h6 9. h3 Ne7 10. Ng3 Ng6 11. Be3 O-O 12. O-O Re8 13. Qd2 Bxe3 14. fxe3 Be6 15.
Bxe6 Rxe6 16. Nf5 d5 17. exd5 Qxd5 18. e4 Qd7 19. Rad1 Rd8 20. Rf2 Qa4 21. b3
Qa5 22. Qc1 Kh7 23. N3h4 Rc6 24. b4 Qa4 25. Nxg6 fxg6 26. Ne3 a5 27. a3 axb4
28. axb4 Qb3 29. Rc2 b5 30. Nf1 Rcd6 31. Rcd2 Ra8 32. Rb2 Qe6 33. Qc2 Ra3 34.
Nd2 Nh5 35. Nb3 Nf4 36. Nc5 Qf7 37. Rbb1 Ra2 38. Rb2 Ra8 39. Rbb1 g5 40. Rf1 g4
41. hxg4 Rg6 42. Qd1 Ra2 43. Qf3 h5 44. Rf2 Rxf2 45. Qxf2 Rxg4 46. Kh1 Rxg2 47.
Qe3 Qa2 0-1

[Event "?"]
[Site "?"]
[Date "2017.11.05"]
[Round "1.4"]
[White "Andersen, Jens Knud"]
[Black "Lichtmannecker, Daniel"]
[Result "1-0"]
[WhiteElo "2186"]
[BlackElo "1831"]
[PlyCount "121"]
[EventDate "2017.??.??"]
[WhiteTeam "SK Mering"]
[BlackTeam "FC Ergolding"]

1. Nf3 d5 2. e3 Nf6 3. c4 e6 4. Nc3 Be7 5. b3 dxc4 6. Bxc4 b6 7. O-O Bb7 8. Bb2
O-O 9. d4 a6 10. Qe2 c5 11. Rfd1 cxd4 12. Nxd4 Qc8 13. Rac1 Nc6 14. Nf3 Rd8 15.
Bd3 Nd7 16. Ne4 Nc5 17. Nxc5 Bxc5 18. Ng5 g6 19. Nxh7 Nb4 20. Nf6+ Kf8 21. Bb1
Rxd1+ 22. Qxd1 Qd8 23. Nd7+ Ke8 24. Nxc5 bxc5 25. a3 Qg5 26. Qf1 Nc6 27. f4 Qd5
28. Qd3 Qh5 29. Qd1 Qxd1+ 30. Rxd1 Na5 31. Bc2 Bd5 32. Bc3 Bxb3 33. Bxa5 Bxc2
34. Rc1 Bd3 35. Rxc5 Rb8 36. Bb4 Bb5 37. Rc7 Bd7 38. Ra7 a5 39. Rxa5 Bc6 40.
Ra7 Rb7 41. Ra8+ Kd7 42. Rf8 f5 43. Rg8 Ba4 44. Rxg6 Rb8 45. Kf2 Rh8 46. h3 Bd1
47. Rg7+ Kc6 48. Ra7 Bb3 49. Bc3 Rg8 50. Bd4 Kd5 51. Rb7 Bd1 52. Be5 Kc6 53.
Rb8 Rg6 54. Rc8+ Kb5 55. Rh8 Kc6 56. g3 Kb5 57. h4 Ka4 58. h5 Bxh5 59. Rxh5
Kxa3 60. Rh8 Kb4 61. Rc8 1-0

[Event "?"]
[Site "?"]
[Date "2017.11.05"]
[Round "1.5"]
[White "Drewes, Thomas"]
[Black "Naundorf, Maik"]
[Result "0-1"]
[WhiteElo "1794"]
[BlackElo "2142"]
[PlyCount "34"]
[EventDate "2017.??.??"]
[WhiteTeam "SV Würzburg"]
[BlackTeam "Elberfelder SG"]

1. d4 Nf6 2. Bf4 c5 3. c3 Qb6 4. b3 cxd4 5. Qxd4 Nc6 6. Qxb6 axb6 7. Nf3 d6 8.
h3 g6 9. Nfd2 Nd5 10. Bg3 Bg7 11. h4 Be6 12. Ne4 h6 13. f3 f5 14. Ned2 Nxc3 15.
Nxc3 Bxc3 16. Rb1 Nd4 17. Kd1 Bxd2 0-1

[Event "?"]
[Site "?"]
[Date "2017.11.05"]
[Round "1.6"]
[White "Stadler, Alexander"]
[Black "Neuwerth, Chulian"]
[Result "1-0"]
[WhiteElo "2130"]
[BlackElo "1790"]
[PlyCount "59"]
[EventDate "2017.??.??"]
[WhiteTeam "SC Vilshofen"]
[BlackTeam "SV Röhrnbach"]

1. d4 d5 2. Bf4 Nf6 3. e3 Bf5 4. c4 c6 5. Qb3 Qb6 6. c5 Qa5+ 7. Nc3 b5 8. Nf3
Nbd7 9. h3 h6 10. Be2 g5 11. Bh2 Bg7 12. O-O Ne4 13. Nxd5 Rc8 14. Nc3 Ndxc5 15.
dxc5 Nxc5 16. Qd1 b4 17. Nd4 Bxd4 18. Qxd4 O-O 19. Qe5 bxc3 20. Qxf5 cxb2 21.
Bd3 Nxd3 22. Qxa5 bxa1=Q 23. Rxa1 c5 24. Bc7 e5 25. e4 f5 26. exf5 e4 27. g4
Rf7 28. Bg3 Rd7 29. Qa6 Rcd8 30. Qe6+ 1-0

[Event "?"]
[Site "?"]
[Date "2017.11.05"]
[Round "1.7"]
[White "Werner, Jörg"]
[Black "Ziegler, Michael"]
[Result "1/2-1/2"]
[WhiteElo "1758"]
[BlackElo "2117"]
[PlyCount "87"]
[EventDate "2017.??.??"]
[WhiteTeam "SV Würzburg"]
[BlackTeam "SC Prichsenstadt"]

1. e4 c5 2. Nf3 e6 3. d4 cxd4 4. Nxd4 Nc6 5. Nc3 Qc7 6. Ndb5 Qb8 7. Be3 a6 8.
Nd4 Nf6 9. Qd2 Bb4 10. f3 d5 11. O-O-O O-O 12. Bg5 Be7 13. exd5 exd5 14. Re1
Qd6 15. a3 Rd8 16. Bf4 Qd7 17. Na4 Ra7 18. Nxc6 bxc6 19. Qe3 d4 20. Qe5 Nd5 21.
Bc4 Nxf4 22. Qxf4 Bf6 23. Nc5 Qf5 24. Qxf5 Bxf5 25. Nxa6 h5 26. Nb4 Rc7 27. Re2
Kf8 28. Rhe1 Bg5+ 29. Kb1 Be3 30. Rd1 Ra8 31. Bd3 Be6 32. Be4 Rac8 33. Na6 Bc4
34. Bd3 Bxa6 35. Bxa6 Rb8 36. Bc4 f5 37. g3 g6 38. c3 c5 39. f4 Kg7 40. h4 Kf6
41. Ka2 Ra7 42. Rb1 Rba8 43. Rd1 Rb8 44. Rb1 1/2-1/2

[Event "?"]
[Site "?"]
[Date "2017.11.05"]
[Round "1.8"]
[White "Feldheim, Jonas"]
[Black "Rauth, Markus"]
[Result "1-0"]
[WhiteElo "2087"]
[BlackElo "1744"]
[PlyCount "137"]
[EventDate "2017.??.??"]
[WhiteTeam "Spvgg Stetten"]
[BlackTeam "SV Germania Erlenbach"]

1. e4 c5 2. Nc3 Nc6 3. Bb5 Nd4 4. Bc4 g6 5. Nf3 Bg7 6. Nxd4 cxd4 7. Qf3 e6 8.
Nb5 d6 9. Qa3 Bf8 10. Nxd4 Bd7 11. Qb3 Qc8 12. O-O a6 13. a4 Rb8 14. Re1 Ne7
15. Nf3 Bg7 16. d4 O-O 17. Bf4 Qc7 18. Qb4 Nc8 19. Bb3 a5 20. Qd2 Rd8 21. e5 d5
22. Bg5 Re8 23. Bf6 h6 24. h4 Ne7 25. h5 gxh5 26. Nh4 Ng6 27. Qd3 Bxf6 28. Nxg6
Bg7 29. Nf4 h4 30. c3 Qd8 31. Re3 Qg5 32. Rf3 f5 33. exf6 Bxf6 34. Bc2 Re7 35.
Qg6+ Rg7 36. Qxg5 Bxg5 37. Re1 Re8 38. Nd3 b6 39. Ne5 Bc8 40. Bd3 Rf8 41. Bb5
Rxf3 42. Nxf3 Kf7 43. Ne5+ Ke7 44. Nd3 Kd6 45. f4 Be7 46. Kf2 Rg4 47. Re5 Bf6
48. Rh5 Bg7 49. Kg1 Bd7 50. Ne5 Bxe5 51. fxe5+ Kc7 52. Rxh6 Bxb5 53. axb5 Kd7
54. Rh7+ Kd8 55. Kf2 Rf4+ 56. Ke2 Rg4 57. Kf3 Rg3+ 58. Kf2 Rd3 59. Ke2 Rg3 60.
Kf1 Rd3 61. Rxh4 Rd2 62. Rh8+ Kc7 63. Rh7+ Kc8 64. g4 Rxb2 65. g5 Rb1+ 66. Kf2
Rb2+ 67. Kf3 Rc2 68. g6 Rxc3+ 69. Kf4 1-0

[Event "?"]
[Site "?"]
[Date "2017.11.05"]
[Round "1.9"]
[White "Prieb, Robert"]
[Black "Bräutigam, Thomas"]
[Result "0-1"]
[WhiteElo "1742"]
[BlackElo "2075"]
[PlyCount "68"]
[EventDate "2017.??.??"]
[WhiteTeam "SG Bochum"]
[BlackTeam "SV Würzburg"]

1. d4 d5 2. c4 e6 3. Nc3 c6 4. e3 Nf6 5. Nf3 Nbd7 6. Qc2 a6 7. b3 Bb4 8. Bd3
O-O 9. O-O Re8 10. a3 Ba5 11. b4 Bc7 12. e4 dxe4 13. Nxe4 Nxe4 14. Bxe4 h6 15.
Bb2 Nf6 16. Bd3 b6 17. Rad1 Bb7 18. Rfe1 Nd7 19. Ne5 Nxe5 20. dxe5 Qe7 21. Bh7+
Kh8 22. Be4 Rab8 23. Rd2 c5 24. Red1 Bxe4 25. Qxe4 cxb4 26. Rd7 Rbd8 27. Rxd8
Rxd8 28. Rxd8+ Qxd8 29. Qe2 bxa3 30. Bxa3 Bxe5 31. g3 Qd4 32. Bb4 a5 33. Bd2 a4
34. Be3 Qb2 0-1

[Event "?"]
[Site "?"]
[Date "2017.11.05"]
[Round "1.10"]
[White "von Zimmermann, Georg"]
[Black "Eichenauer, Pascal"]
[Result "0-1"]
[WhiteElo "2071"]
[BlackElo "1720"]
[PlyCount "76"]
[EventDate "2017.??.??"]
[WhiteTeam "MSA Zugzwang"]
[BlackTeam "SV Würzburg"]

1. e4 c5 2. Nf3 e6 3. d3 d5 4. Qe2 Nf6 5. e5 Nfd7 6. Bg5 Qc7 7. g4 Nc6 8. Bf4
g5 9. Bxg5 Bg7 10. Nc3 Ndxe5 11. Nxe5 Nd4 12. Nb5 Nxb5 13. Nf3 Bxb2 14. Rd1 Nc3
15. Qd2 Nxd1 16. Kxd1 Bg7 17. Bg2 e5 18. h3 h6 19. Bh4 O-O 20. g5 h5 21. Bg3
Re8 22. Nh4 Qb6 23. Bxd5 e4 24. dxe4 Be6 25. Nf5 Bxf5 26. exf5 Rad8 27. c4 Qb1+
28. Qc1 Qd3+ 29. Qd2 Rxd5 30. cxd5 Qf3+ 31. Kc2 Qxh1 32. f6 Qf3 33. d6 Re2 34.
fxg7 Rxd2+ 35. Kxd2 Kxg7 36. h4 c4 37. Kc2 Qd3+ 38. Kc1 c3 0-1

[Event "?"]
[Site "?"]
[Date "2017.11.05"]
[Round "1.11"]
[White "Kaptan, Cagatay"]
[Black "Weber, Daniel"]
[Result "0-1"]
[WhiteElo "1691"]
[BlackElo "2057"]
[PlyCount "68"]
[EventDate "2017.??.??"]
[WhiteTeam "vereinslos"]
[BlackTeam "SF 1903 Berlin"]

1. Nf3 Nf6 2. d4 g6 3. c4 Bg7 4. Nc3 O-O 5. g3 d6 6. Bg2 Nc6 7. O-O a6 8. a3 e5
9. dxe5 dxe5 10. Rb1 Bf5 11. Ra1 Be6 12. Nd2 h5 13. b4 Qd4 14. Qb3 Rad8 15. e3
Qd7 16. Qc2 Bh3 17. Nde4 Nxe4 18. Nxe4 Bxg2 19. Kxg2 h4 20. h3 hxg3 21. fxg3 f5
22. Nc5 Qc8 23. Bb2 b6 24. Nd3 Qe6 25. Rac1 Rd7 26. b5 axb5 27. cxb5 Na5 28.
Nb4 Rfd8 29. Rcd1 Nc4 30. Rxd7 Rxd7 31. Qb3 Bh6 32. Bc1 Nxe3+ 33. Qxe3 Bxe3 34.
Bxe3 Qb3 0-1

[Event "?"]
[Site "?"]
[Date "2017.11.05"]
[Round "1.12"]
[White "Wagner, Robert"]
[Black "von Kortzfleisch, Ruben"]
[Result "1-0"]
[WhiteElo "2050"]
[BlackElo "1677"]
[PlyCount "41"]
[EventDate "2017.??.??"]
[WhiteTeam "SC Forchheim"]
[BlackTeam "SF Bad Mergentheim"]

1. d4 d5 2. c4 e6 3. Nc3 Nf6 4. cxd5 exd5 5. Bg5 Be7 6. Qc2 h6 7. Bh4 O-O 8. e3
Re8 9. Bd3 Nc6 10. a3 Ne4 11. Bxe7 Rxe7 12. Nge2 Bf5 13. Bxe4 Bxe4 14. Nxe4
Rxe4 15. O-O Qg5 16. Nc3 Rg4 17. f4 Qe7 18. Qe2 Rg6 19. Nxd5 Qe6 20. Nxc7 Nxd4
21. Qf2 1-0

[Event "?"]
[Site "?"]
[Date "2017.11.05"]
[Round "1.13"]
[White "Krammer, Werner"]
[Black "Helgert, Johannes"]
[Result "0-1"]
[WhiteElo "1665"]
[BlackElo "2043"]
[PlyCount "120"]
[EventDate "2017.??.??"]
[WhiteTeam "SK Kriegshaber"]
[BlackTeam "SV Würzburg"]

1. e4 e6 2. Nf3 d5 3. exd5 exd5 4. d4 Bd6 5. Bd3 Nc6 6. Bg5 Nge7 7. Nc3 f6 8.
Bd2 Bg4 9. Nb5 Qd7 10. Nxd6+ Qxd6 11. c3 Ng6 12. h3 Bd7 13. Qc2 Nce7 14. O-O-O
O-O-O 15. Rde1 Nf4 16. Bxf4 Qxf4+ 17. Qd2 Qxd2+ 18. Kxd2 Rde8 19. Re3 Nf5 20.
Bxf5 Bxf5 21. Rhe1 Rxe3 22. Rxe3 Kd7 23. a3 g5 24. Ne1 Be4 25. f3 Bf5 26. Nd3
b6 27. Nf2 h5 28. g4 Be6 29. Nd3 hxg4 30. fxg4 a5 31. Rf3 Ke7 32. Nf2 Bg8 33.
Re3+ Kf7 34. Rf3 Bh7 35. Re3 Bg6 36. Ke2 c5 37. Kd2 Rc8 38. dxc5 bxc5 39. Nd3
a4 40. Rf3 Ke7 41. Re3+ Kd7 42. Rf3 Rc6 43. Rf2 Be4 44. Ke3 Ke7 45. Rh2 Bg6 46.
Re2 Re6+ 47. Kd2 Rxe2+ 48. Kxe2 Kd6 49. Nf2 d4 50. Kd2 Ke5 51. Nd3+ Bxd3 52.
Kxd3 Kd5 53. cxd4 cxd4 54. b3 axb3 55. a4 Kc5 56. a5 Kb5 57. a6 Kxa6 58. Kxd4
b2 59. Kd5 b1=Q 60. Ke6 Qg6 0-1

[Event "?"]
[Site "?"]
[Date "2017.11.05"]
[Round "1.14"]
[White "Lukas, Norbert"]
[Black "Köhler, Michael"]
[Result "1-0"]
[WhiteElo "2040"]
[BlackElo "1614"]
[PlyCount "77"]
[EventDate "2017.??.??"]
[WhiteTeam "SK Schweinfurt"]
[BlackTeam "SC Prichsenstadt"]

1. e4 c6 2. d4 d5 3. e5 Bf5 4. c3 e6 5. f4 h5 6. Nf3 Nd7 7. Be3 c5 8. Be2 Nh6
9. h3 Be7 10. O-O cxd4 11. Nxd4 g6 12. Nd2 f6 13. g4 hxg4 14. hxg4 fxe5 15.
fxe5 Be4 16. Nxe4 dxe4 17. Nxe6 Qc8 18. Ng7+ Kd8 19. Ne6+ Ke8 20. Bb5 Rh7 21.
Qd5 a6 22. Qxe4 Nf7 23. Qxg6 axb5 24. Qxh7 Ndxe5 25. Qf5 Ra6 26. Ng7+ Kd8 27.
Qxc8+ Kxc8 28. Nf5 Bd8 29. Ng3 Nxg4 30. Rxf7 Nxe3 31. Rf8 Kd7 32. Kf2 Re6 33.
Nf5 Nxf5 34. Rxf5 Bb6+ 35. Kf3 Kc6 36. Rh1 Rd6 37. Rhh5 Rd2 38. Rf6+ Kc7 39.
Rh7+ 1-0

[Event "?"]
[Site "?"]
[Date "2017.11.05"]
[Round "1.15"]
[White "Meyer, Nico"]
[Black "Muskat, Gunter"]
[Result "0-1"]
[WhiteElo "1610"]
[BlackElo "2039"]
[PlyCount "40"]
[EventDate "2017.??.??"]
[WhiteTeam "SC Bechhofen"]
[BlackTeam "SG Büchenbach/Roth"]

1. e4 c5 2. Nf3 e6 3. d4 cxd4 4. Nxd4 a6 5. Be2 Nf6 6. Nd2 Qc7 7. a3 Bc5 8.
N4f3 Nc6 9. b4 Bxf2+ 10. Kf1 Ba7 11. c4 Ng4 12. Nb3 Nf2 13. Qc2 Nxh1 14. c5 b6
15. Be3 bxc5 16. Nxc5 O-O 17. Qd3 Ne5 18. Qd2 Nxf3 19. gxf3 Qxh2 20. Bxa6 Ng3+
0-1

[Event "?"]
[Site "?"]
[Date "2017.11.05"]
[Round "1.16"]
[White "Neubauer, Jaroslaus"]
[Black "Mikota, Paul"]
[Result "1-0"]
[WhiteElo "2009"]
[BlackElo "1547"]
[PlyCount "49"]
[EventDate "2017.??.??"]
[WhiteTeam "SK Schweinfurt"]
[BlackTeam "SK Kriegshaber"]

1. e4 d6 2. d4 Nf6 3. Nc3 e5 4. Nf3 exd4 5. Nxd4 Be7 6. Be2 O-O 7. O-O Re8 8.
f4 Bf8 9. Bf3 c5 10. Nde2 Nc6 11. a3 a6 12. Qd3 Bd7 13. Nd5 b5 14. b3 g6 15.
Bb2 Nxd5 16. Qxd5 Rc8 17. Rad1 Be6 18. Qd2 b4 19. a4 f6 20. Ng3 Qc7 21. Bxf6
Kf7 22. Bb2 Nd4 23. f5 gxf5 24. exf5 Nxf3+ 25. Rxf3 1-0

[Event "?"]
[Site "?"]
[Date "2017.11.05"]
[Round "1.17"]
[White "Mock, Gabriel"]
[Black "Lipinsky, Markus"]
[Result "0-1"]
[WhiteElo "1405"]
[BlackElo "2008"]
[PlyCount "60"]
[EventDate "2017.??.??"]
[WhiteTeam "FC Ergolding"]
[BlackTeam "SC Tarrasch München"]

1. e4 c5 2. Nf3 e6 3. d4 cxd4 4. Nxd4 a6 5. c4 Nf6 6. Bd3 Nc6 7. Nxc6 dxc6 8.
O-O e5 9. Nc3 Be7 10. Qc2 Be6 11. Bg5 Qc7 12. Kh1 O-O 13. f4 h6 14. Bxf6 Bxf6
15. f5 Bd7 16. Rf3 Rfd8 17. Ne2 c5 18. Ng3 Rac8 19. Nh5 Qd6 20. Rg3 Kh7 21. Rd1
Bc6 22. Nxf6+ Qxf6 23. Re1 Rd4 24. Kg1 Rcd8 25. Ree3 Qd6 26. Kf1 b5 27. b3 Qe7
28. Rg4 Qb7 29. Reg3 Rxd3 30. Rxg7+ Kh8 0-1

[Event "?"]
[Site "?"]
[Date "2017.11.05"]
[Round "1.18"]
[White "Kröncke, Manfred"]
[Black "Memmel, Stefan"]
[Result "1-0"]
[WhiteElo "2000"]
[BlackElo "1386"]
[PlyCount "39"]
[EventDate "2017.??.??"]
[WhiteTeam "SG Glückstadt"]
[BlackTeam "SK Schweinfurt"]

1. e4 e6 2. d4 d5 3. exd5 exd5 4. Qf3 Nf6 5. h3 Bb4+ 6. c3 Qe7+ 7. Be3 Ba5 8.
Bd3 Nc6 9. Ne2 Be6 10. O-O h6 11. Nd2 g5 12. Bf5 Bxf5 13. Qxf5 Qe6 14. Ng3 Ne7
15. Qd3 c6 16. Rfe1 Qd6 17. Nf5 Qd8 18. Nxe7 Kxe7 19. Bxg5+ Kd6 20. Bf4+ 1-0

[Event "?"]
[Site "?"]
[Date "2017.11.05"]
[Round "1.19"]
[White "Porstendörfer, Yannik"]
[Black "Meulner, Fabian"]
[Result "1/2-1/2"]
[WhiteElo "1231"]
[BlackElo "1993"]
[PlyCount "49"]
[EventDate "2017.??.??"]
[WhiteTeam "SK Klingenberg"]
[BlackTeam "SW Nürnberg Süd"]

1. e4 g6 2. d4 Bg7 3. Nf3 d6 4. Nc3 a6 5. Be3 b5 6. a3 Bb7 7. Bd3 Nd7 8. Qd2 c5
9. O-O Ngf6 10. d5 Rc8 11. Rfe1 O-O 12. Bh6 Re8 13. Bxg7 Kxg7 14. Rad1 Ne5 15.
Nxe5 dxe5 16. f4 c4 17. Be2 Nd7 18. Bf3 a5 19. Kh1 b4 20. axb4 axb4 21. Ne2 c3
22. bxc3 bxc3 23. Qe3 Ba6 24. Ra1 Bxe2 25. Rxe2 1/2-1/2

[Event "?"]
[Site "?"]
[Date "2017.11.05"]
[Round "1.20"]
[White "Diller, Peter"]
[Black "Lipinsky, Pierre"]
[Result "1-0"]
[WhiteElo "1976"]
[BlackElo "1200"]
[PlyCount "79"]
[EventDate "2017.??.??"]
[WhiteTeam "SK Rothenburg"]
[BlackTeam "SC Tarrasch München"]

1. e4 e5 2. f4 Bc5 3. Nf3 exf4 4. d4 Bb6 5. Bxf4 Nf6 6. Nc3 d6 7. Bc4 O-O 8.
Qd3 c5 9. d5 Qe7 10. O-O Bg4 11. e5 dxe5 12. Nxe5 Bh5 13. Rae1 Nbd7 14. Qg3 Ne8
15. Ng6 Qxe1 16. Rxe1 Bxg6 17. Re2 Nef6 18. Bd6 Rfe8 19. Be7 Ba5 20. d6 Bxc3
21. Qxc3 Ne4 22. Qe1 Nef6 23. h3 h6 24. Kf2 Rac8 25. g4 Rc6 26. Kf3 Be4+ 27.
Rxe4 Nxe4 28. Qxe4 Rxd6 29. Bxd6 Rxe4 30. Kxe4 Nf6+ 31. Kf5 h5 32. g5 Nd7 33.
g6 Kh8 34. gxf7 Kh7 35. Ke6 h4 36. Kxd7 b5 37. Bd3+ Kh6 38. Bf4+ Kh5 39. f8=Q
c4 40. Qh8# 1-0

[Event "?"]
[Site "?"]
[Date "2017.11.05"]
[Round "1.21"]
[White "Hammerl, Jonas"]
[Black "Haasner, Tom"]
[Result "0-1"]
[WhiteElo "1622"]
[BlackElo "1959"]
[PlyCount "50"]
[EventDate "2017.??.??"]
[WhiteTeam "FC Ergolding"]
[BlackTeam "TSV Rottendorf"]

1. Nf3 Nf6 2. c4 c5 3. g3 d5 4. cxd5 Nxd5 5. Bg2 Nc6 6. O-O e5 7. d3 Be7 8. Nc3
Be6 9. Ng5 Bxg5 10. Bxg5 Nxc3 11. Bxd8 Nxd1 12. Bc7 Kd7 13. Bxc6+ Kxc6 14. Bxe5
f6 15. Bf4 Nxb2 16. a4 a5 17. Rfb1 Nxa4 18. Rxa4 b5 19. Re4 Rhe8 20. Kf1 Bh3+
21. Ke1 Rxe4 22. dxe4 b4 23. Kd2 c4 24. Kc2 Rd8 25. Rd1 b3+ 0-1

[Event "?"]
[Site "?"]
[Date "2017.11.05"]
[Round "1.22"]
[White "Nemetz, Markus"]
[Black "Löw, Leonid"]
[Result "1-0"]
[WhiteElo "1943"]
[BlackElo "1272"]
[PlyCount "109"]
[EventDate "2017.??.??"]
[WhiteTeam "SV Mödling (Aut)"]
[BlackTeam "Allersberger SC"]

1. d4 d5 2. Nf3 Nc6 3. c4 e6 4. Nc3 Nf6 5. Bg5 Be7 6. e3 b6 7. cxd5 Nxd5 8.
Bxe7 Ncxe7 9. Rc1 O-O 10. Bd3 Ng6 11. O-O Nf6 12. Nb5 a6 13. Na3 Bb7 14. Nc4
Rc8 15. Qe2 a5 16. b3 Qd5 17. Ncd2 e5 18. Ba6 Bxa6 19. Qxa6 e4 20. Ne1 Rfe8 21.
Qe2 c5 22. Nc2 Qd6 23. Nc4 Qe6 24. dxc5 Rxc5 25. Nd4 Qg4 26. Qxg4 Nxg4 27. Nxb6
Rh5 28. h3 N4e5 29. Rc8 Rxc8 30. Nxc8 f5 31. Nd6 f4 32. exf4 Nxf4 33. Nxe4 Rh4
34. f3 Nfd3 35. Ne6 Nb4 36. a3 Nc2 37. Rc1 Nxa3 38. Ra1 Nc2 39. Rxa5 Nc6 40.
Rc5 N2b4 41. Rc4 Rh6 42. Nd4 Rg6 43. Nxc6 Nxc6 44. Kf2 Ne5 45. Rc8+ Kf7 46. Rb8
Nd3+ 47. Ke3 Ne5 48. g4 Rh6 49. b4 Rc6 50. b5 Rc1 51. Ng5+ Kg6 52. f4 Nc4+ 53.
Kd4 Nd6 54. Rb6 Rd1+ 55. Kc5 1-0

[Event "?"]
[Site "?"]
[Date "2017.11.05"]
[Round "1.23"]
[White "Porstendörfer, Eric"]
[Black "Chen, Jiaoji"]
[Result "0-1"]
[WhiteElo "1253"]
[BlackElo "1923"]
[PlyCount "44"]
[EventDate "2017.??.??"]
[WhiteTeam "SK Klingenberg"]
[BlackTeam "SV Würzburg"]

1. e4 d6 2. d4 Nf6 3. Nc3 g6 4. Nf3 Bg7 5. Bc4 O-O 6. O-O Nxe4 7. Nxe4 d5 8.
Bxd5 Qxd5 9. Nc3 Qh5 10. Re1 Bg4 11. Rxe7 Nc6 12. Bg5 Bxf3 13. Qxf3 Qxg5 14.
Rxc7 Nxd4 15. Qxb7 Rab8 16. Qxa7 Rxb2 17. Kf1 Nb5 18. Qa5 Qe5 19. Rxf7 Rxf7 20.
Re1 Qxc3 21. Re8+ Bf8 22. Rxf8+ Rxf8 0-1

[Event "?"]
[Site "?"]
[Date "2017.11.05"]
[Round "1.24"]
[White "Lindner, Helmut"]
[Black "Orf, Niklas"]
[Result "0-1"]
[WhiteElo "1910"]
[BlackElo "1127"]
[PlyCount "56"]
[EventDate "2017.??.??"]
[WhiteTeam "SC Prichsenstadt"]
[BlackTeam "SK Bad Neustadt"]

1. e4 d6 2. d4 Nf6 3. Nc3 Nbd7 4. Bc4 e5 5. Nge2 Be7 6. O-O c6 7. Bb3 Qc7 8.
Ng3 g6 9. h3 h6 10. Be3 Nf8 11. Qd2 g5 12. Nf5 Ng6 13. Ng7+ Kf8 14. Nf5 Bxf5
15. exf5 Nh4 16. Qd3 Qc8 17. g4 Nf3+ 18. Kg2 Nh4+ 19. Kg3 exd4 20. Qxd4 d5 21.
Rae1 c5 22. Qd2 d4 23. Bxg5 hxg5 24. Rxe7 Kxe7 25. Qe2+ Kf8 26. Qe5 Qb8 27.
Qxb8+ Rxb8 28. Nb5 Re8 0-1

[Event "?"]
[Site "?"]
[Date "2017.11.05"]
[Round "1.25"]
[White "Abou Wally, Adrian"]
[Black "Diller, Marianne"]
[Result "0-1"]
[WhiteElo "1121"]
[BlackElo "1904"]
[PlyCount "38"]
[EventDate "2017.??.??"]
[WhiteTeam "SV Schott Jena"]
[BlackTeam "SK Rothenburg"]

1. e4 d5 2. exd5 Qxd5 3. Nc3 Qd6 4. Nf3 Nf6 5. Bc4 Bg4 6. h3 Bh5 7. O-O e6 8.
d3 a6 9. a4 Nc6 10. Re1 O-O-O 11. Bg5 Be7 12. Re3 Nd4 13. g4 Bg6 14. Bh4 h5 15.
Bg3 Qb6 16. g5 Ne8 17. Rb1 Nxf3+ 18. Qxf3 Bxg5 19. Re2 h4 0-1

[Event "?"]
[Site "?"]
[Date "2017.11.05"]
[Round "1.26"]
[White "Heppert, Lars"]
[Black "Glok, David"]
[Result "1-0"]
[WhiteElo "1904"]
[BlackElo "1021"]
[PlyCount "67"]
[EventDate "2017.??.??"]
[WhiteTeam "SK Neuburg"]
[BlackTeam "SK München Südost"]

1. c4 e5 2. g3 Nc6 3. Bg2 Bc5 4. Nc3 Nf6 5. e3 d6 6. Nge2 Be6 7. d4 exd4 8.
exd4 Bb4 9. d5 Bg4 10. dxc6 b6 11. O-O h5 12. Bg5 O-O 13. Qd3 Re8 14. Nf4 Re5
15. h4 Bf5 16. Qd2 Rc5 17. Qd4 Re5 18. Ncd5 Bc5 19. Qd2 a5 20. Nxh5 Bb4 21. Qc1
Re2 22. Nhxf6+ gxf6 23. Bxf6 Qf8 24. Qg5+ Bg6 25. h5 Bd2 26. Qg4 Re6 27. hxg6
Qh6 28. gxf7+ Kxf7 29. Bh4 Rc8 30. Bh3 Rg8 31. Qf5+ Kg7 32. Qxe6 Qxe6 33. Bxe6
Kg6 34. Bxg8 1-0

[Event "?"]
[Site "?"]
[Date "2017.11.05"]
[Round "1.27"]
[White "Nicola, Marius"]
[Black "Pohl, Steffen"]
[Result "0-1"]
[WhiteElo "840"]
[BlackElo "1904"]
[PlyCount "64"]
[EventDate "2017.??.??"]
[WhiteTeam "SK Schweinfurt"]
[BlackTeam "SK Schwanstetten"]

1. Nf3 d5 2. c4 c6 3. d4 Nf6 4. Nc3 e6 5. Bg5 Nbd7 6. a3 Be7 7. e3 O-O 8. cxd5
exd5 9. Bd3 h6 10. h4 hxg5 11. hxg5 Ne4 12. Bxe4 dxe4 13. Nxe4 g6 14. Rh6 Kg7
15. Ke2 Rh8 16. Rxh8 Qxh8 17. d5 cxd5 18. Qxd5 Kg8 19. Rb1 Nb6 20. Qe5 Qxe5 21.
Nxe5 Bf5 22. Kf3 Re8 23. Rh1 Bxe4+ 24. Kxe4 Bxg5 25. f4 f6 26. fxg5 Rxe5+ 27.
Kf4 Rxg5 28. g4 Re5 29. b3 Nd5+ 30. Kf3 Rxe3+ 31. Kf2 Rxb3 32. Rh6 Kg7 0-1

[Event "?"]
[Site "?"]
[Date "2017.11.05"]
[Round "1.28"]
[White "Asadzade, Idris"]
[Black "Schneider, Dominik"]
[Result "1-0"]
[WhiteElo "1898"]
[BlackElo "1819"]
[PlyCount "103"]
[EventDate "2017.??.??"]
[WhiteTeam "Königsspringer Leverkusen"]
[BlackTeam "vereinslos"]

1. c4 Nf6 2. Nf3 g6 3. g3 Bg7 4. Bg2 O-O 5. O-O c6 6. b3 Ne4 7. d4 d5 8. Bb2
Nd7 9. Nfd2 f5 10. cxd5 cxd5 11. Nc3 Ndf6 12. Re1 Nxc3 13. Bxc3 Ne4 14. Nxe4
fxe4 15. e3 h5 16. f3 exf3 17. Bxf3 Bh3 18. Bg2 Bxg2 19. Kxg2 e6 20. Qd3 Qg5
21. Bb4 Rf5 22. Bd6 Rc8 23. Rac1 Qd8 24. Rxc8 Qxc8 25. Qd2 Qd7 26. Bb8 a6 27.
h4 Bf8 28. Rc1 Qb5 29. Bf4 Rf7 30. Qc2 Kh7 31. Kh3 Ba3 32. Re1 Qd7 33. Kg2 Rf8
34. Rf1 Bd6 35. Rc1 Ba3 36. Qc7 Rf7 37. Qxd7 Rxd7 38. Rc8 Kg7 39. Be5+ Kf7 40.
Kf3 Be7 41. Kf4 Bd8 42. a4 Be7 43. Rh8 Bd8 44. b4 Be7 45. Rh7+ Kf8 46. Rg7 Bg5+
47. hxg5 Rxg7 48. Bxg7+ Kxg7 49. Ke5 Kf7 50. Kd6 b6 51. b5 a5 52. Kd7 1-0

[Event "?"]
[Site "?"]
[Date "2017.11.05"]
[Round "2.1"]
[White "Epishin, Vladimir"]
[Black "Kröncke, Manfred"]
[Result "1-0"]
[WhiteElo "2519"]
[BlackElo "2000"]
[PlyCount "51"]
[EventDate "2017.??.??"]
[WhiteTeam "SV Lingen"]
[BlackTeam "SG Glückstadt"]

1. d4 d5 2. c4 e6 3. Nc3 Nf6 4. cxd5 exd5 5. Bg5 c6 6. e3 Be7 7. Bd3 O-O 8. Qc2
Nbd7 9. Nf3 Re8 10. h3 Nf8 11. Bf4 Bd6 12. Bxd6 Qxd6 13. O-O-O Be6 14. Kb1 Rac8
15. Rc1 b5 16. g4 a6 17. Ne2 g6 18. Nf4 Bd7 19. Qc5 Qxc5 20. Rxc5 Ne6 21. Nxe6
Rxe6 22. g5 Nh5 23. Ne5 Rd6 24. a4 bxa4 25. Nxd7 Rxd7 26. Rhc1 1-0